000 01651nam0a2200361 i 4500
001 RU\NLR\BIBL_A\010016218
005 20260406054345.0
010 _a9785742908036
_95000
021 _aRU
_b2013-90371
_96252
035 _a(NILC)RuMoRGB-006693660
035 _a(NLR Aleph) 010016218
090 _a9878167
_c9878167
100 _a20131219d2013 u y0rusy50 ca
101 0 _arus
102 _aRU
105 _ay||||||||||||
200 1 _aЧетвероевангелие
_eруководство к изучению Священного Писания Нового Завета
_fархиеп. Аверкий (Таушев)
_g[Православ. Свято-Тихоновский гуманит. ун-т]
210 _aМосква
_cПравославный Свято-Тихоновский гуманитарный университет
_d2013
215 _a840, [1] с.
_d22
423 0 _12001#$aАпостол
_1210##$aМосква$d2013
_1215##$aС. 365-821
_tАпостол
500 1 0 _aБиблия
_iН. З.
_iЕвангелие
500 1 0 _aАпостол
605 _aБиблия.
_iН. З.
605 _aБиблия
_iНовый Завет
_xИсследование текста
_91153960
_3RU\NLR\AUTH\66142780
675 _a27-277
686 2 _aЭ37-220.2
700 0 _4070
_8rus
_7ca
_aАверкий
_cТаушев, Александр Павлович
_cархиепископ Сиракузский и Троицкий
_f1906-1976
_3RU\NLR\AUTH\778914
_9118793
801 0 _aRU
_bRuMoRKP
_c20131107
_gRCR
801 2 _aRU
_bРГБ
_c20131120
_grcr
942 _cBOOK
980 _aNBR